Normal view
MARC view
- Exploring Spoken English-English
Entry Topical Term
001 - CONTROL NUMBER
- control field: 2279
003 - CONTROL NUMBER IDENTIFIER
- control field: JO-AjAnu
005 - DATE AND TIME OF LATEST TRANSACTION
- control field: 20230606070657.0
008 - FIXED-LENGTH DATA ELEMENTS
- fixed length control field: 230606|| aca||aabn | a|a d
040 ## - CATALOGING SOURCE
- Original cataloging agency: JO-AjAnu
- Transcribing agency: JO-AjAnu
150 ## - HEADING--TOPICAL TERM
- Topical term or geographic name entry element: Exploring Spoken English-English
670 ## - SOURCE DATA FOUND
- Source citation: Work cat.: (JO-AjAnu)1192: M.Sarada تأليف, author 2278, Exploring Spoken English